SEXUALIDAD Y FAMILIA : (Registro nro. 59426)
[ vista simple ]
| 000 -LEADER | |
|---|---|
| fixed length control field | 00804nam a2200193 a 4500 |
| 001 - CONTROL NUMBER | |
| control field | 59426 |
| 005 - DATE AND TIME OF LATEST TRANSACTION | |
| control field | 20180714060354.0 |
| 008 - FIXED-LENGTH DATA ELEMENTS--GENERAL INFORMATION | |
| fixed length control field | 140415s2005 ag 000 0 spa d |
| 020 ## - INTERNATIONAL STANDARD BOOK NUMBER | |
| International Standard Book Number | 987538139X |
| 041 ## - LANGUAGE CODE | |
| Language code of text/sound track or separate title | spa |
| 082 ## - DEWEY DECIMAL CLASSIFICATION NUMBER | |
| Classification number | 306.87 |
| Item number | DON |
| 100 1# - MAIN ENTRY--PERSONAL NAME | |
| Personal name | DONINI, ANTONIO |
| 245 10 - TITLE STATEMENT | |
| Title | SEXUALIDAD Y FAMILIA : |
| Remainder of title | CRISIS Y DESAFIOS FRENTE AL SIGLO XXI |
| 250 ## - EDITION STATEMENT | |
| Edition statement | 1a ed. |
| 260 ## - PUBLICATION, DISTRIBUTION, ETC. | |
| Place of publication, distribution, etc. | ARGENTINA : |
| Name of publisher, distributor, etc. | BLANCA ESTELA SILVA ESCALANTE, |
| Date of publication, distribution, etc. | 2005 |
| 300 ## - PHYSICAL DESCRIPTION | |
| Extent | 222 |
| Dimensions | 15.2 x 1.3 x 22.5 |
| 520 ## - SUMMARY, ETC. | |
| Summary, etc. | EN ESTA OBRA SE ANALIZA EL MATRIMONIO COMO INSTITUCION UNIVERSAL Y LA FAMILIA COMO UN GRUPO DE PERSONAS UNIDAS Y QUE SE OCUPAN DE LA CRIANZA Y EDUCACION DE SUS HIJOS , DE ACUERDO CON LAS TRADICIONES Y NORMAS ESTABLECIDAS Y EMERGENTES DE SU CULTURA. |
| 650 14 - SUBJECT ADDED ENTRY--TOPICAL TERM | |
| Topical term or geographic name entry element | RELACIONES DE FAMILIA |
| General subdivision | SEXUALIDAD |
| Withdrawn status | Lost status | Source of classification or shelving scheme | Damaged status | Not for loan | Collection code | Home library | Current library | Shelving location | Date acquired | Source of acquisition | Inventory number | Total Checkouts | Full call number | Barcode | Date last seen | Date last checked out | Price effective from | Koha item type |
|---|---|---|---|---|---|---|---|---|---|---|---|---|---|---|---|---|---|---|
| Dewey Decimal Classification | General | Biblioteca Karol Wojtyla | Biblioteca Karol Wojtyla | Sala general | 03/12/2013 | Compra | 151000000000000000053370 | 306.87 DON | 89783 | 05/01/2026 | 26/06/2018 | 03/12/2013 | Libro |